魚沼市(新潟県)の駅 - Statistics

General Stats
  • This quiz has been taken 11 times
  • The average score is 7 of 10
Answer Stats
Answer % Correct
小出
100%
越後堀之内
82%
北堀之内
82%
魚沼田中
82%
大白川
73%
入広瀬
73%
越後須原
73%
薮神
64%
上条
55%
越後広瀬
55%
No matching quizzes found
Score Distribution
Percent of People with Each Score
Percentile by Number Answered
Your Score History
You have not taken this quiz